Представление документа в формате RUSMARC

ПолеНазваниеЗначение
  Тип записи a
  Библиографический уровень m
001 Контрольный номер RU/CBS_UL/BASE/594470640
005 Дата корректировки 20240209174845.5
010 Индекс ISBN __
a ISBN
b Уточнения в пер.
d Цена 65 к.
9 Тираж 82 000 экз.
100 Данные общей обработки __
a Данные общей обработки 20181102d2018 ||| 0rusy0189 ca
101 Язык документа 0_
a Язык текста rus
102 Страна публикации __
a Страна публикации RU
105 Кодированные данные (монография) __
a Кодированные данные (монография) y###||||000|y
200 Заглавие и сведения об ответственности 1_
a Заглавие Полное собрание сочинений
b Общее обозначение материала Текст
f Первые сведения об ответственности В. И. Ленин
g Последующие сведения об ответственности Институт марксизма-ленинизма при ЦК КПСС
h Номер части Т. 49. Письма, август 1914- октябрь 1917
205 Сведения об издании __
a Основные сведения об издании 5-е изд.
210 Выходные данные 1_
a Место издания Москва
c Издательство Политиздат
d Дата издания 1982
215 Физическое описание __
a Объем ХVI, 706 с.
d Формат 20 см.
300 Общие примечания __
a Общие примечания Ограничения по возрасту - 16+
300 Общие примечания __
a Общие примечания Под инв. номером 254: 2-1, 17-1
606 Тематические рубрики 0_
a Основная рубрика Произведения В. И. Ленина
610 Ключевые слова 0_
a Ключевые слова ленинские труды
a Ключевые слова аграрный вопрос
a Ключевые слова национальный вопрос
a Ключевые слова государственный аппарат
a Ключевые слова тема революции
a Ключевые слова телеграммы
a Ключевые слова записки
a Ключевые слова письма
686 Индексы других классификаций __
a Классификационный индекс 63.3(2)6-8Ленин1
2 Код системы ББК
700 Автор _1
a Фамилия Ленин
b Имя (инициалы) Владимир Ильич
g Полное личное имя В. И.
801 Источник записи _0
a Страна RU
b Организация МБУК ЦБС
c Дата составления 20181102
g Правила каталогизации RCR
801 Источник записи _1
a Страна RU
b Организация МБУК ЦБС г. Ульяновска
c Дата составления 20181102
g Правила каталогизации RCR
899 Данные о местонахождении __
i Авторский знак Л 44
j Расстановочный фильтр 63.3(2)6-8Ленин1
901 Тип документа __
t Тип документа m
910 Корректоры записи __
a Корректор записи Хисамова